00388 2200157 4500001002100000005001500021035002000036245004400056100002000100300002600120260002800146082000800174084001400182020002200196990001200218INLIS00000000000296820250917021602 a0010-09250003151 aCinta Membuatku Gila /cNuniek Kharisma0 aNuniek Kharisma a288 hlm ;c13 x 19 cm aJakarta :bZettu,c2014 a813 a813 NUN c a978-602-7999-15-2 a0755665